<?xml version="1.0" encoding="UTF-8"?>
<record
    xmlns:xsi="http://www.w3.org/2001/XMLSchema-instance"
    xsi:schemaLocation="http://www.loc.gov/MARC21/slim http://www.loc.gov/standards/marcxml/schema/MARC21slim.xsd"
    xmlns="http://www.loc.gov/MARC21/slim">

  <leader>03400cam a22003978i 4500</leader>
  <controlfield tag="001">22491289</controlfield>
  <controlfield tag="003">NUST</controlfield>
  <controlfield tag="005">20230223115207.0</controlfield>
  <controlfield tag="008">220401s2022    enk      b    001 0 eng  </controlfield>
  <datafield tag="010" ind1=" " ind2=" ">
    <subfield code="a">  2022002531</subfield>
  </datafield>
  <datafield tag="020" ind1=" " ind2=" ">
    <subfield code="a">9781032169057</subfield>
    <subfield code="q">(hardback)</subfield>
  </datafield>
  <datafield tag="020" ind1=" " ind2=" ">
    <subfield code="a">9781032169071</subfield>
    <subfield code="q">(paperback)</subfield>
  </datafield>
  <datafield tag="020" ind1=" " ind2=" ">
    <subfield code="z">9781003250920</subfield>
    <subfield code="q">(ebook)</subfield>
  </datafield>
  <datafield tag="040" ind1=" " ind2=" ">
    <subfield code="a">LBSOR/DLC</subfield>
    <subfield code="b">eng</subfield>
    <subfield code="e">rda</subfield>
    <subfield code="c">DLC</subfield>
  </datafield>
  <datafield tag="042" ind1=" " ind2=" ">
    <subfield code="a">pcc</subfield>
  </datafield>
  <datafield tag="043" ind1=" " ind2=" ">
    <subfield code="a">a-pk---</subfield>
  </datafield>
  <datafield tag="050" ind1="0" ind2="0">
    <subfield code="a">DS383.5.A2</subfield>
    <subfield code="b">P375 2022</subfield>
  </datafield>
  <datafield tag="082" ind1="0" ind2="0">
    <subfield code="a">327.5491</subfield>
    <subfield code="2">23/eng/20220405</subfield>
    <subfield code="b">PAK 2022</subfield>
  </datafield>
  <datafield tag="245" ind1="0" ind2="0">
    <subfield code="a">Pakistan's foreign policy :</subfield>
    <subfield code="b">contemporary developments and dynamics /</subfield>
    <subfield code="c">Ghulam Ali, [editor].</subfield>
  </datafield>
  <datafield tag="263" ind1=" " ind2=" ">
    <subfield code="a">2206</subfield>
  </datafield>
  <datafield tag="264" ind1=" " ind2="1">
    <subfield code="a">London ;</subfield>
    <subfield code="a">New York, NY :</subfield>
    <subfield code="b">Routledge, Taylor &amp; Francis Group,</subfield>
    <subfield code="c">2022.</subfield>
  </datafield>
  <datafield tag="300" ind1=" " ind2=" ">
    <subfield code="a">pages cm.</subfield>
  </datafield>
  <datafield tag="336" ind1=" " ind2=" ">
    <subfield code="a">text</subfield>
    <subfield code="b">txt</subfield>
    <subfield code="2">rdacontent</subfield>
  </datafield>
  <datafield tag="337" ind1=" " ind2=" ">
    <subfield code="a">unmediated</subfield>
    <subfield code="b">n</subfield>
    <subfield code="2">rdamedia</subfield>
  </datafield>
  <datafield tag="338" ind1=" " ind2=" ">
    <subfield code="a">volume</subfield>
    <subfield code="b">nc</subfield>
    <subfield code="2">rdacarrier</subfield>
  </datafield>
  <datafield tag="490" ind1="0" ind2=" ">
    <subfield code="a">Routledge Studies in South Asian Politics</subfield>
  </datafield>
  <datafield tag="504" ind1=" " ind2=" ">
    <subfield code="a">Includes bibliographical references and index.</subfield>
  </datafield>
  <datafield tag="505" ind1="0" ind2=" ">
    <subfield code="a">Foreign policy of contemporary Pakistan : an overview / Ghulam Ali -- The changing framework of Pakistan's foreign policy under Imran Khan / Syed Ali Zia Jaffery -- Is Pakistan a middle power? / Samee Lashari -- The military and foreign policy in Pakistan : an analysis / Ejaz Hussain -- China-PAkistan : a decade of transformation in diplomacy, 2010-2020 / Gul-i-Hina Shahzad and Rabbiya Kamal -- Afghanistan-Pakistan relations : from uncertainty and confrontation to optimism / Muhammad Azam -- Indian factor in Pakistan's policy towards Afghanistan / Shahzad Akhtar and Arshad Ali -- Geopolitics, the thucydides trap and the China-Pakistan-India trilateral / Rizwan Zeb -- The new conservative parliament in iran and future of Pakistan-Iran relations / Khurram Abbas -- Pakistan-U.S. Relations : is past the prologue? / Rabia Akhtar -- The contours of Pakistan's relations with Russia / Adeela Ahmed -- European Union-Pakistan relations : a critique of strategic engagement plan / Najimdeen Bakare.</subfield>
  </datafield>
  <datafield tag="520" ind1=" " ind2=" ">
    <subfield code="a">"This book analyses Pakistan's foreign policy and external relations with a focus on contemporary developments, including the impact of the new government of Prime Minister Imran Khan, the powerful military and the 'middle power' status. Structured in two parts - Foundation and Operationalization - the book provides a broad overview of Pakistan's foreign policy and addresses specific foreign policy choices. Contributors explore issues such as Pakistan's middle power status from a theoretical perspective, Imran Khan's foreign policy, Pakistan's relations with SCO, EU and Pakistan's evolving Indian Ocean strategy. Based on in-depth interviews with Pakistani scholars, politicians and diplomats, the book offers a timely perspective on Pakistan's foreign policy. The book will be of interest to academics working on Pakistan, South Asian Politics, Indian Ocean Studies, Security and Conflict Studies, International Relations and Foreign Policy and Asian Studies"--</subfield>
    <subfield code="c">Provided by publisher.</subfield>
  </datafield>
  <datafield tag="651" ind1=" " ind2="0">
    <subfield code="a">Pakistan</subfield>
    <subfield code="x">Foreign relations</subfield>
    <subfield code="y">1971-</subfield>
    <subfield code="9">109512</subfield>
  </datafield>
  <datafield tag="700" ind1="1" ind2=" ">
    <subfield code="a">Ali, Ghulam</subfield>
    <subfield code="c">(Professor),</subfield>
    <subfield code="e">editor.</subfield>
    <subfield code="9">99179</subfield>
  </datafield>
  <datafield tag="776" ind1="0" ind2="8">
    <subfield code="i">Online version:</subfield>
    <subfield code="t">Pakistan's foreign policy</subfield>
    <subfield code="d">London ; New York, NY : Routledge, Taylor &amp; Francis Group, 2022</subfield>
    <subfield code="z">9781003250920</subfield>
    <subfield code="w">(DLC)  2022002532</subfield>
  </datafield>
  <datafield tag="906" ind1=" " ind2=" ">
    <subfield code="a">7</subfield>
    <subfield code="b">cbc</subfield>
    <subfield code="c">orignew</subfield>
    <subfield code="d">1</subfield>
    <subfield code="e">ecip</subfield>
    <subfield code="f">20</subfield>
    <subfield code="g">y-gencatlg</subfield>
  </datafield>
  <datafield tag="942" ind1=" " ind2=" ">
    <subfield code="2">ddc</subfield>
    <subfield code="c">BK</subfield>
  </datafield>
  <datafield tag="999" ind1=" " ind2=" ">
    <subfield code="c">593423</subfield>
    <subfield code="d">593423</subfield>
  </datafield>
  <datafield tag="952" ind1=" " ind2=" ">
    <subfield code="0">0</subfield>
    <subfield code="1">0</subfield>
    <subfield code="2">ddc</subfield>
    <subfield code="4">0</subfield>
    <subfield code="7">0</subfield>
    <subfield code="a">CIPS</subfield>
    <subfield code="b">CIPS</subfield>
    <subfield code="c">GEN</subfield>
    <subfield code="d">2023-02-23</subfield>
    <subfield code="l">0</subfield>
    <subfield code="o">327.5491 PAK 2022</subfield>
    <subfield code="p">CIPSD0000726</subfield>
    <subfield code="r">2023-02-23</subfield>
    <subfield code="w">2023-02-23</subfield>
    <subfield code="y">BK</subfield>
  </datafield>
</record>
